Kong Meng sheng ji tu shuo,

Saved in:
நூற்பட்டியல் விவரங்கள்
தலைமை எழுத்தாளர்: Zhang, Qiyun, (ed.)
வடிவம்: புத்தகம்
மொழி:Chinese
வெளியீடப்பட்டது: Taibei, Zhonghua wen hua chu ban shi ye she, Min guo 49 [1960]
பகுதிகள்:
குறியீடுகள்: குறிச்சொல் இணை
குறியீடுகள் இல்லை, இந்த குறிச்சொல்லை முதலில் பதிவு செய்யுங்கள்!
LEADER 00810cam a2200241 4500
001 007738540-3
005 20024617104250.0
008 890726s1960 ch a 000 0 chi
010 |a c 61001427 /L 
035 0 |a ocm20071772 
040 |a DLC  |c CLU  |d *YNH*  |d CStRLIN 
050 0 |a BL1851  |b .C48 
100 1 |6 880-01  |a Zhang, Qiyun,  |e ed. 
245 1 0 |6 880-02  |a Kong Meng sheng ji tu shuo,  |c Zhang Qiyun bian ji. 
260 |6 880-03  |a Taibei,  |b Zhonghua wen hua chu ban shi ye she,  |c Min guo 49 [1960] 
300 |a 102 p.  |b (chiefly illus.)  |c 21 cm. 
650 0 |a Confucius and Confucianism. 
600 0 0 |a Mencius. 
880 1 |6 100-01  |a 張其昀,  |e ed. 
880 1 0 |6 245-02  |a 孔孟聖蹟圖說,  |c 張其昀編輯. 
880 |6 260-03  |a 臺北,  |b 中華文化出版事業社,  |c 民國49 [1960] 
988 |a 20021127 
906 |0 DLC